[Event "Voronezh op-B 19th"]
[Site "Voronezh"]
[Date "2015.06.20"]
[Round "8"]
[White "Babaeva, Elizaveta"]
[Black "Sitnikov, Sergey V"]
[Result "1/2-1/2"]
[WhiteElo "1720"]
[BlackElo "1995"]
[PlyCount "81"]
[EventDate "2015.06.12"]
[EventType "swiss"]
[EventRounds "9"]
[EventCountry "RUS"]
[SourceTitle "CBM 167 Extra"]
[Source "ChessBase"]
[SourceDate "2015.09.14"]
[SourceVersion "1"]
[SourceVersionDate "2015.09.14"]
[SourceQuality "1"]

1. e4 c5 2. Nf3 d6 3. d4 cxd4 4. Qxd4 Nc6 5. Bb5 Bd7 6. Bxc6 Bxc6 7. Nc3 e6 8. Bg5 Qa5 9. 0-0-0 Qc5 10. Qxc5 dxc5 11. Ne5 Be7 12. Be3 Rc8 13. Nxc6 Rxc6 14. Rd3 Nf6 15. h3 c4 16. Rd2 Bb4 17. Bg5 Bxc3 18. bxc3 0-0 19. Bxf6 gxf6 20. Rd7 Rb8 21. Rhd1 Kf8 22. Rd8+ Rxd8 23. Rxd8+ Ke7 24. Rh8 b5 25. a3 a5 26. Rxh7 b4 27. axb4 axb4 28. cxb4 c3 29. Rh5 e5 30. Rf5 Rc4 31. Rf3 Rxe4 32. Rxc3 Rxb4 33. Kd2 f5 34. f3 f4 35. Rb3 Rd4+ 36. Ke2 f5 37. Rb7+ Kf6 38. h4 e4 39. Rb6+ Kf7 40. Rb7+ Kg6 41. fxe4 1/2-1/2

[Event "Voronezh op-B 19th"]
[Site "Voronezh"]
[Date "2015.06.14"]
[Round "3"]
[White "Babaeva, Elizaveta"]
[Black "Nedosekin, Evgeny"]
[Result "1-0"]
[WhiteElo "1720"]
[BlackElo "1454"]
[PlyCount "75"]
[EventDate "2015.06.12"]
[EventType "swiss"]
[EventRounds "9"]
[EventCountry "RUS"]
[SourceTitle "CBM 167 Extra"]
[Source "ChessBase"]
[SourceDate "2015.09.14"]
[SourceVersion "1"]
[SourceVersionDate "2015.09.14"]
[SourceQuality "1"]

1. e4 c6 2. Nc3 d5 3. Nf3 dxe4 4. Nxe4 Bf5 5. Ng3 Bg6 6. h4 h6 7. Ne5 Nf6 8. Nxg6 fxg6 9. d4 e6 10. Bc4 e5 11. dxe5 Qxd1+ 12. Kxd1 Ng4 13. Rf1 Nxe5 14. Re1 Nbd7 15. Bf4 0-0-0 16. Be6 Nc4 17. Bxc4 Ne5+ 18. Bd3 Nxd3 19. cxd3 Rxd3+ 20. Kc2 Rd8 21. Re6 Bc5 22. Ne4 Rd4 23. Be3 Rxe4 24. Rxe4 Bxe3 25. Rxe3 Rf8 26. f3 Rf4 27. Re4 Rf5 28. Rd1 Rc5+ 29. Kb3 Rb5+ 30. Kc3 Rc5+ 31. Rc4 Re5 32. Rcd4 Rc5+ 33. Kd3 Rb5 34. b3 Ra5 35. Rd2 Kc7 36. Ke3 Re5+ 37. Re4 Rxe4+ 38. Kxe4 1-0

[Event "Novokuznetsk SFO-ch U15 Girls"]
[Site "Novokuznetsk"]
[Date "2014.11.06"]
[Round "5"]
[White "Tatarnikova, Ekaterina"]
[Black "Babaeva, Elizaveta"]
[Result "0-1"]
[WhiteElo "1425"]
[BlackElo "1688"]
[PlyCount "64"]
[EventDate "2014.11.02"]
[EventType "swiss"]
[EventRounds "9"]
[EventCountry "RUS"]
[SourceTitle "CBM 163 Extra"]
[Source "ChessBase"]
[SourceDate "2014.12.23"]
[SourceVersion "1"]
[SourceVersionDate "2014.12.23"]
[SourceQuality "1"]

1. d4 d5 2. Nf3 e6 3. c4 c5 4. e3 Nf6 5. Nc3 Nc6 6. cxd5 exd5 7. Bd3 a6 8. 0-0 Bd6 9. Re1 0-0 10. e4 dxe4 11. Nxe4 Nxe4 12. Bxe4 Nxd4 13. Be3 Nxf3+ 14. Qxf3 Qc7 15. h3 Re8 16. Bd3 Bd7 17. Rad1 Bc6 18. Qe2 h6 19. Qd2 Re6 20. Bf5 Rf6 21. Bc2 Rd8 22. Qc1 b6 23. Rd2 Qb7 24. f3 Qc7 25. f4 Re8 26. Rde2 Bxf4 27. Bxf4 Rxe2 28. Bxc7 Rxg2+ 29. Kh1 Rxc2+ 30. Kg1 Rg2+ 31. Kh1 Rg5+ 32. Kh2 Rf2# 0-1

[Event "Novokuznetsk SFO-ch U15 Girls"]
[Site "Novokuznetsk"]
[Date "2014.11.02"]
[Round "1"]
[White "Schegoleva, Sofia"]
[Black "Babaeva, Elizaveta"]
[Result "1-0"]
[WhiteElo "800"]
[BlackElo "1688"]
[PlyCount "65"]
[EventDate "2014.11.02"]
[EventType "swiss"]
[EventRounds "9"]
[EventCountry "RUS"]
[SourceTitle "CBM 163 Extra"]
[Source "ChessBase"]
[SourceDate "2014.12.23"]
[SourceVersion "1"]
[SourceVersionDate "2014.12.23"]
[SourceQuality "1"]

1. e4 c6 2. d4 d5 3. exd5 cxd5 4. Nc3 Nc6 5. Nf3 Bg4 6. Bb5 Nf6 7. Qd3 Bxf3 8. Qxf3 e6 9. Bg5 Be7 10. 0-0-0 Qb6 11. Bf4 0-0 12. Bd3 Nxd4 13. Qg3 Kh8 14. Be3 Ne4 15. Bxe4 Bc5 16. Bd3 Qb4 17. Qh3 g6 18. a3 Qa5 19. Qh4 Nf5 20. Qf6+ Kg8 21. Bxf5 Bxe3+ 22. fxe3 exf5 23. Nxd5 Rfe8 24. g4 Rad8 25. Nc3 fxg4 26. Rhf1 Qc7 27. Nb5 Rxd1+ 28. Rxd1 Qxh2 29. Nd6 Rf8 30. Nxb7 Qc7 31. Nd8 g3 32. Nc6 g2 33. Ne7+ 1-0